000 00433nam a2200157 i 4500
001 85918
003 ES-MaACL
005 20230906175333.0
007 t|
008 041202s1928 xxk ||||1| eng d
100 1 _aKeith, A. Berriedale.
_967738
245 1 2 _aA history of sanskrit literature /
_cby A. Berriedale Keith.
260 _aOxford :
_bClarendon,
_c1928.
300 _aXXXVI, 575 p. ;
_c23 cm.
852 _aES-MaACL
_jA-3508
999 _c85918
_d85918